000 00853nmm a2200265 a 4500
001 ocm000668103
003 TR-IsHL
005 20201028134753.0
008 131203s2008 tu tur
007 cr cn
035 _a668103
_b(N$T)
050 0 4 _aPL230
_b.M35 2008
090 0 4 _aPL230
_b.M35 2008
100 1 _aMalot, Hektor
245 1 0 _aKimsesiz kız
_h[electronic resource] /
_cHektor Malot ; haz. Ümmühan Cengiz
260 _aİstanbul :
_bBilgecan Yayınları,
_c2008
300 _a73 p.
650 4 _aDil ve Edebiyat
650 4 _aLanguage and Literature
650 0 _aÇocuk edebiyatı
650 0 _aChildren's literature
650 7 _aLITERARY CRITICISM / Children's Literature
_2bisacsh
700 1 _aCengiz, Ümmühan
856 4 0 _uhttp://search.ebscohost.com/login.aspx?direct=true&scope=site&db=e011xww&AN=668103
999 _c6377
_d6377